Kadra reprezentacji Danii na Euro 2024 - Statystyki

Ogólne statystyki
  • Ten quiz został rozwiązany 208 razy
  • Średni wynik to 9 z 26
Statystyki odpowiedzi
Zawodnik Pozycja Klub % Poprawnych
Rasmus Højlund Napastnik Manchester United
87%
Christian Eriksen Pomocnik Manchester United
81%
Andreas Christensen Obrońca FC Barcelona
76%
Kasper Schmeichel Bramkarz Anderlecht
68%
Simon Kjær Obrońca AC Milan
56%
Yussuf Poulsen Napastnik RB Lipsk
50%
Pierre-Emile Højbjerg Pomocnik Tottenham
41%
Joachim Andersen Obrońca Crystal Palace
39%
Jonas Wind Napastnik VfL Wolfsburg
38%
Morten Hjulmand Pomocnik Sporting CP
38%
Mikkel Damsgaard Pomocnik Brentford
34%
Alexander Bah Obrońca Benfica
32%
Kasper Dolberg Napastnik Anderlecht
32%
Christian Nørgaard Pomocnik Brentford
29%
Joakim Mæhle Obrońca VfL Wolsburg
29%
Frederik Rønnow Bramkarz Union Berlin
26%
Mads Hermansen Bramkarz Leicester City
25%
Rasmus Kristensen Obrońca AS Roma
25%
Andreas Skov Olsen Napastnik Club Brugge
24%
Jannik Vestergaard Obrońca Leicester City
23%
Mathias Jensen Pomocnik Brentford
17%
Victor Kristiansen Obrońca Bologna
15%
Thomas Delaney Pomocnik Anderlecht
12%
Mathias Jørgensen Obrońca Brentford
11%
Jacob Bruun Larsen Napastnik Burnley
9%
Anders Dreyer Napastnik Anderlecht
5%
Nie znaleziono quizów pasujących do podanych kryteriów
Rozkład punktacji
Procent ludzi z każdym wynikiem
Percentyl według liczby udzielonych odpowiedzi
Twoja historia wyników
Nie rozwiązałeś tego quizu